000 00867nam0a2200265 4500
001 RU\NLR\ONL1\19461
005 20250613123833.0
035 _a(NLR Aleph) 009648197
090 _a9568529
_c9568529
100 _a20120328d1932 |||y0rusy50 ca
101 0 _akom
102 _aRU
105 _aa |||||||||
200 1 _aПружиннöй пила "Компис" да кыдзи сийöн уджавны
_fС. И. Орешкин
210 _aСыктывкар
_cКоми гиз
_d1932
215 _a48 с.
_cил.
_d15
541 1 _aПружинная пила "Компис" и как с ней работать
_zrus
606 0 _aПилы
_91503091
_3RU\NLR\auth\66651774
686 1 _aП07
700 1 _aОрешкин
_bС. И.
_4070
801 0 _aRU
_bNLR
_c20120328
_gPSBO
852 _aNLR
_bОНЛ
_jКоми-з./1-271
942 _cBOOK
980 _aNB